Представление документа в формате RUSMARC

ПолеНазваниеЗначение
  Тип записи a
  Библиографический уровень a
001 Контрольный номер RU/CBS_Ul/BASE/540310040
005 Дата корректировки 20240209175210.0
100 Данные общей обработки __
a Данные общей обработки 20170213d2017 ||| 0rusy0189 ca
101 Язык документа 0_
a Язык текста rus
102 Страна публикации __
a Страна публикации RU
105 Кодированные данные (монография) __
a Кодированные данные (монография) y###||||000|y
200 Заглавие и сведения об ответственности 1_
a Заглавие Секретарь нужен всем
b Общее обозначение материала Текст
e Сведения, относящиеся к заглавию [о профессии - секретарь]
300 Общие примечания __
a Общие примечания Ограничения по возрасту - 12+
461 Уровень набора _0
1 2000
a Ромео и Джульетта
463 Уровень физической единицы _0
1 001RU/CBS_Ul/BASE/540309098
1 2000
a № 2
v С. 9-11 : фото
1 210
d 2017
606 Тематические рубрики 0_
a Основная рубрика Секретари - Референты - Делопроизводители - Инспектора - Профессии
610 Ключевые слова 0_
a Ключевые слова профессии
a Ключевые слова секретари
a Ключевые слова делопроизводители
a Ключевые слова референты
a Ключевые слова секретари-референты
a Ключевые слова координаторы
a Ключевые слова помощники руководителя
a Ключевые слова офис-менеджеры
a Ключевые слова качества профессиональные
686 Индексы других классификаций __
a Классификационный индекс 65.240
2 Код системы ББК
801 Источник записи _0
a Страна RU
b Организация МБУК ЦБС г. Ульяновска
c Дата составления 20170213
g Правила каталогизации RCR
801 Источник записи _1
a Страна RU
b Организация МБУК ЦБС г. Ульяновска
c Дата составления 20170213
g Правила каталогизации RCR
901 Тип документа __
t Тип документа b
w Контрольный № источника RU/CBS_Ul/BASE/540309098
910 Корректоры записи __
a Корректор записи Библиотека 1
938 Служебная информация __
a Имя БД period